00485nam a2200205Ia 4500008004100000020002200041050001900063050001400082100001500096245003100111245001400142260001300156260001600169260000900185300001500194300002600209300001100235500002000246650001300266161112s9999 xx 000 0 und d a978-1-84476-431-0 aCUL TX 809.N65 b.C43 2006 aChan, Kit. 0a70 simple noodle recipes / 0cKit Chan. aLondon : bSouthwater, c2006 a96 pages : bcolor illustrations ; c28 cm. aIncludes index. aNoodles.